Guns N' Roses songs by pictures - Statistics

General Stats
  • This quiz has been taken 60 times
  • The average score is 8 of 12
Answer Stats
Picture Answer % Correct
Civil War
84%
Knockin' On Heaven's Door
84%
Don't Cry
82%
November Rain
79%
Welcome To The Jungle
77%
Chinese Democracy
75%
Rocket Queen
72%
Get In The Ring
63%
Sweet Child O'Mine
63%
Bad Apples
61%
Paradise City
56%
Shotgun Blues
49%
No matching quizzes found
Score Distribution
Percent of People with Each Score
Percentile by Number Answered
Your Score History
You have not taken this quiz